<?xml version="1.0" encoding="UTF-8"?>
<record
    xmlns:xsi="http://www.w3.org/2001/XMLSchema-instance"
    xsi:schemaLocation="http://www.loc.gov/MARC21/slim http://www.loc.gov/standards/marcxml/schema/MARC21slim.xsd"
    xmlns="http://www.loc.gov/MARC21/slim">

  <leader>01255nam0a2200337   4500</leader>
  <controlfield tag="001">RU\NLR\bibl\1775928</controlfield>
  <controlfield tag="005">20260406123109.0</controlfield>
  <datafield tag="010" ind1=" " ind2=" ">
    <subfield code="a">978-5-699-48824-7</subfield>
    <subfield code="9">3100</subfield>
  </datafield>
  <datafield tag="021" ind1=" " ind2=" ">
    <subfield code="a">RU</subfield>
    <subfield code="b">2011-33292</subfield>
    <subfield code="9">236&#x434;/11</subfield>
  </datafield>
  <datafield tag="035" ind1=" " ind2=" ">
    <subfield code="a">(NLR Aleph) 001766693</subfield>
  </datafield>
  <datafield tag="090" ind1=" " ind2=" ">
    <subfield code="a">1612077</subfield>
    <subfield code="c">1612077</subfield>
  </datafield>
  <datafield tag="100" ind1=" " ind2=" ">
    <subfield code="a">20110603d2011    |||y0rusy50      ca</subfield>
  </datafield>
  <datafield tag="101" ind1="1" ind2=" ">
    <subfield code="a">rus</subfield>
    <subfield code="c">eng</subfield>
  </datafield>
  <datafield tag="102" ind1=" " ind2=" ">
    <subfield code="a">RU</subfield>
  </datafield>
  <datafield tag="105" ind1=" " ind2=" ">
    <subfield code="a">y   |||||||||</subfield>
  </datafield>
  <datafield tag="200" ind1="1" ind2=" ">
    <subfield code="a">&#x41D;&#x43E;&#x437;&#x434;&#x440;&#x44F; &#x432; &#x43D;&#x43E;&#x437;&#x434;&#x440;&#x44E;</subfield>
    <subfield code="f">&#x414;&#x438;&#x43A; &#x424;&#x440;&#x44D;&#x43D;&#x441;&#x438;&#x441;, &#x424;&#x435;&#x43B;&#x438;&#x43A;&#x441; &#x424;&#x440;&#x44D;&#x43D;&#x441;&#x438;&#x441;</subfield>
    <subfield code="g">[&#x43F;&#x435;&#x440;. &#x441; &#x430;&#x43D;&#x433;&#x43B;. &#x412;. &#x412;&#x435;&#x431;&#x435;&#x440;&#x430;]</subfield>
  </datafield>
  <datafield tag="210" ind1=" " ind2=" ">
    <subfield code="a">&#x41C;&#x43E;&#x441;&#x43A;&#x432;&#x430;</subfield>
    <subfield code="c">&#x42D;&#x43A;&#x441;&#x43C;&#x43E;</subfield>
    <subfield code="d">2011</subfield>
  </datafield>
  <datafield tag="215" ind1=" " ind2=" ">
    <subfield code="a">348, [2] &#x441;.</subfield>
    <subfield code="d">22</subfield>
  </datafield>
  <datafield tag="225" ind1="1" ind2=" ">
    <subfield code="a">&#x414;&#x438;&#x43A; &amp; &#x424;&#x435;&#x43B;&#x438;&#x43A;&#x441; &#x424;&#x440;&#x44D;&#x43D;&#x441;&#x438;&#x441;</subfield>
  </datafield>
  <datafield tag="225" ind1="1" ind2=" ">
    <subfield code="a">&#x41C;&#x430;&#x441;&#x442;&#x435;&#x440;&#x430; &#x414;&#x435;&#x442;&#x435;&#x43A;&#x442;&#x438;&#x432;&#x430;</subfield>
  </datafield>
  <datafield tag="225" ind1="1" ind2=" ">
    <subfield code="a">&#x413;&#x440;&#x430;&#x43D;&#x434;&#x43C;&#x430;&#x441;&#x442;&#x435;&#x440; &#x434;&#x435;&#x442;&#x435;&#x43A;&#x442;&#x438;&#x432;&#x430; &#x441;&#x43D;&#x43E;&#x432;&#x430; &#x43D;&#x430; &#x43A;&#x43E;&#x43D;&#x435;</subfield>
  </datafield>
  <datafield tag="300" ind1=" " ind2=" ">
    <subfield code="a">&#x41D;&#x430; &#x43E;&#x431;&#x43B;. &#x438; &#x441;&#x443;&#x43F;&#x435;&#x440;&#x43E;&#x431;&#x43B;. &#x430;&#x432;&#x442;.: &#x414;&#x438;&#x43A; &#x424;&#x440;&#x44D;&#x43D;&#x441;&#x438;&#x441;</subfield>
  </datafield>
  <datafield tag="686" ind1=" " ind2=" ">
    <subfield code="a">&#x428;6(4&#x412;&#x43B;)67-446{&#x41B;&#x445;1299-60}</subfield>
  </datafield>
  <datafield tag="700" ind1=" " ind2="1">
    <subfield code="4">070</subfield>
    <subfield code="8">rus</subfield>
    <subfield code="7">ca</subfield>
    <subfield code="a">&#x424;&#x440;&#x435;&#x43D;&#x441;&#x438;&#x441;</subfield>
    <subfield code="b">&#x414;.</subfield>
    <subfield code="f">1920-2010</subfield>
    <subfield code="g">&#x414;&#x438;&#x43A;</subfield>
    <subfield code="3">RU\NLR\auth\77821</subfield>
    <subfield code="9">110861</subfield>
  </datafield>
  <datafield tag="701" ind1=" " ind2="1">
    <subfield code="4">070</subfield>
    <subfield code="8">rus</subfield>
    <subfield code="7">ca</subfield>
    <subfield code="a">&#x424;&#x440;&#x435;&#x43D;&#x441;&#x438;&#x441;</subfield>
    <subfield code="b">&#x424;.</subfield>
    <subfield code="f">1953-</subfield>
    <subfield code="g">&#x424;&#x435;&#x43B;&#x438;&#x43A;&#x441;</subfield>
    <subfield code="3">RU\NLR\auth\77101685</subfield>
    <subfield code="9">84611</subfield>
  </datafield>
  <datafield tag="801" ind1=" " ind2="0">
    <subfield code="a">RU</subfield>
    <subfield code="b">NLR</subfield>
    <subfield code="c">20110603</subfield>
    <subfield code="g">RCR</subfield>
  </datafield>
  <datafield tag="801" ind1=" " ind2="1">
    <subfield code="a">RU</subfield>
    <subfield code="b">NLR</subfield>
    <subfield code="c">20110603</subfield>
  </datafield>
  <datafield tag="942" ind1=" " ind2=" ">
    <subfield code="c">BOOK</subfield>
  </datafield>
  <datafield tag="980" ind1=" " ind2=" ">
    <subfield code="a">NB</subfield>
  </datafield>
  <datafield tag="980" ind1=" " ind2=" ">
    <subfield code="a">NBR</subfield>
  </datafield>
  <datafield tag="995" ind1=" " ind2=" ">
    <subfield code="5">2011-06-03</subfield>
    <subfield code="a">ad</subfield>
    <subfield code="b">NLR01</subfield>
    <subfield code="c">NLR01</subfield>
    <subfield code="e">RF8</subfield>
    <subfield code="f">3429138</subfield>
    <subfield code="k">2011-5/4308</subfield>
    <subfield code="o">0</subfield>
    <subfield code="r">BOOK</subfield>
    <subfield code="s">201154308_</subfield>
  </datafield>
  <datafield tag="995" ind1=" " ind2=" ">
    <subfield code="5">2011-06-03</subfield>
    <subfield code="a">ad</subfield>
    <subfield code="b">NLR01</subfield>
    <subfield code="c">NLR01</subfield>
    <subfield code="e">RF8</subfield>
    <subfield code="f">3429143</subfield>
    <subfield code="k">2011-5/4308</subfield>
    <subfield code="o">0</subfield>
    <subfield code="r">BOOK</subfield>
    <subfield code="s">201154308_</subfield>
  </datafield>
  <datafield tag="995" ind1=" " ind2=" ">
    <subfield code="5">2011-12-19</subfield>
    <subfield code="a">ah</subfield>
    <subfield code="b">NLR02</subfield>
    <subfield code="c">NLR02</subfield>
    <subfield code="e">AB</subfield>
    <subfield code="f">3562054</subfield>
    <subfield code="k">&#x410;&#x431; &#x428;6(4&#x412;&#x43B;)/&#x424;-93</subfield>
    <subfield code="o">0</subfield>
    <subfield code="p">200.00</subfield>
    <subfield code="r">BOOK</subfield>
    <subfield code="s">_6493</subfield>
  </datafield>
</record>
